| 000 | 00976 a2200229 4500 | ||
|---|---|---|---|
| 020 | _a0875848710 | ||
| 020 | _a9780875848716 | ||
| 082 | 0 | 4 | _a658.4092 |
| 090 |
_c2432 _d2432 |
||
| 100 | 1 | _aUlrich, Dave. | |
| 245 | 1 | 0 |
_aResults-based leadership / _cDave Ulrich. |
| 250 | _a1st ed. | ||
| 260 |
_a[S.l.] : _bHarvard Business Press, _c1999. |
||
| 300 |
_a234 p. ; _c24 cm. |
||
| 500 | _aHardcover. | ||
| 520 | _aDemonstrates to executives how to deliver results in 4 specific areas: results for employees, the organization, its customers, and investors. Provides action-oriented guidelines for readers to develop and hone their own results-based leadership skills. DLC: Leadership. | ||
| 700 | 1 | _aZenger, Jack. | |
| 700 | 1 | _aSmallwood, Norman. | |
| 856 | 4 | 0 |
_3Amazon.com _uhttp://www.amazon.com/exec/obidos/ASIN/0875848710/chopaconline-20 |
| 856 | 4 | 0 |
_3Amazon customer reviews _uhttp://www.chopac.org/cgi-bin/tools/azrev.pl?q=0875848710 |
| 942 |
_aNBS _cBK _k658.4092 ULR |
||
| 999 |
_c344930 _d344930 |
||